ARRUPE JESUIT UNIVERSITY

CORONAVIRUS -STOP THE SPREAD - CLEAN,DISINFECT,COVER

Moral and character education in primary and secondary education in Tanzania (Record no. 129835)

MARC details
000 -LEADER
fixed length control field 00428nam a22001337a 4500
008 - FIXED-LENGTH DATA ELEMENTS--GENERAL INFORMATION
fixed length control field 190919b ||||| |||| 00| 0 eng d
050 ## - LIBRARY OF CONGRESS CALL NUMBER
Classification number SPC. DT1.T50 M685
100 ## - MAIN ENTRY--PERSONAL NAME
Personal name Mkoba, Martin L.
9 (RLIN) 48138
245 ## - TITLE STATEMENT
Title Moral and character education in primary and secondary education in Tanzania
Statement of responsibility, etc Martin L. Mkoba
260 ## - PUBLICATION, DISTRIBUTION, ETC. (IMPRINT)
Place of publication, distribution, etc Harare
Name of publisher, distributor, etc Arrupe College
Date of publication, distribution, etc 2015
300 ## - PHYSICAL DESCRIPTION
Extent ix, 80p. ;
Dimensions 30cm.
500 ## - GENERAL NOTE
General note Thesis
942 ## - ADDED ENTRY ELEMENTS (KOHA)
Source of classification or shelving scheme Library of Congress Classification
Item type Monograph ( Printed materials)
Holdings
Withdrawn status Lost status Source of classification or shelving scheme Damaged status Not for loan Collection code Home library Current library Shelving location Date acquired Total Checkouts Full call number Barcode Date last seen Price effective from Koha item type
    Library of Congress Classification     SPECIAL Collection ARRUPE LIBRARY ARRUPE LIBRARY REFERENCE 19/09/2019   SPC. DT1.T50 M685 46600002991 19/09/2019 19/09/2019 SPC

 

Arrupe Library. PO Box MP320 Mt Pleasant, Harare, Zimbabwe
263 242 745411|librarian@aju.ac.zw